00514nam a2200169Ia 4500003000900000008004100009040001300050040001300063041000800076100001200084245001900096300000800115490000600123942000700129999001700136952019100153IT-RoPAU120407s9999 xx 000 0 und d aIT-RoPAU cIT-RoPAU aita aPlatone aOpere complete c cm v1 cBK c20964d20964 00102ddc4068_700000000000000_3671aPAULUSbPAULUSd2012-04-11l0o8.7.36r2012-04-11 00:00:00w2012-04-11yBKzInserito da: Sergio In data: 19 ottobre 2011 fondo: Fanella Progr:27844